Statistisk tiars-oversigt for Kobenhavns Kommune 1987

Salvato in:
Dettagli Bibliografici
Natura: Libro
Lingua:inglese
Pubblicazione: Kobenhavn Statistisk kontor 1987
Edizione:1. ed.
Tags: Aggiungi Tag
Nessun Tag, puoi essere il primo ad aggiungerne!!

MARC

LEADER 00000nam a2200000 4500
001 c028148
005 20250702113014.0
041 0 |a eng 
044 |a DK 
245 1 0 |a Statistisk tiars-oversigt for Kobenhavns Kommune 1987 
250 |a 1. ed. 
264 1 |a Kobenhavn  |b Statistisk kontor  |c 1987 
300 |a 69 s.